Music Quiz

Random Music Quiz

Led Zeppelin - The Rain Song Quiz Stats

 Plays Quiz not verified by Sporcle

Challenge
Share
Tweet
Embed
Score 0/182 Timer 10:00
0 Plays Today
Lyric % Correct
I
99.2%
I
99.2%
I
99.2%
I
99.2%
I
99.2%
I
99.2%
I
99.2%
I
99.2%
I
99.2%
I
99.2%
a
98.5%
a
98.5%
the
97.7%
the
97.7%
the
97.7%
the
97.7%
the
97.7%
the
97.7%
the
97.7%
the
97.7%
the
97.7%
the
97.7%
the
97.7%
the
97.7%
the
97.7%
the
97.7%
is
97%
is
97%
is
97%
is
97%
is
97%
Oh
95.5%
of
94.7%
my
94.7%
my
94.7%
of
94.7%
my
94.7%
of
94.7%
of
94.7%
my
94.7%
of
94.7%
of
94.7%
of
94.7%
You
93.2%
It
93.2%
It
93.2%
It
93.2%
you
93.2%
it
93.2%
you
93.2%
you
93.2%
to
91.7%
to
91.7%
to
91.7%
to
91.7%
to
91.7%
to
91.7%
to
91.7%
This
89.4%
this
89.4%
This
89.4%
Lyric % Correct
This
89.4%
little
88.6%
little
88.6%
little
88.6%
so
87.9%
so
87.9%
so
87.9%
so
87.9%
so
87.9%
know
86.4%
know
86.4%
love
86.4%
love
86.4%
know
86.4%
are
85.6%
that
85.6%
are
85.6%
that
85.6%
that
85.6%
are
85.6%
that
85.6%
rain
84.8%
rain)
84.8%
me
83.3%
me
83.3%
me
83.3%
loving
82.6%
springtime
81.8%
must
81.1%
must
81.1%
season
80.3%
fall
80.3%
fall
80.3%
(Just
78.8%
all
76.5%
all
76.5%
all
76.5%
all,
76.5%
in
75.8%
your
75.8%
summer
75%
winter
74.2%
us
73.5%
us
73.5%
us)
73.5%
us,
73.5%
us
73.5%
from
72.7%
from
72.7%
second
72%
go
72%
But
72%
But
72%
am
70.5%
upon
69.7%
upon
69.7%
('pon
69.7%
('pon
69.7%
Upon
69.7%
felt
68.9%
felt
68.9%
Lyric % Correct
we
68.9%
ever
68.2%
I've
67.4%
feel
67.4%
give
67.4%
I've
67.4%
and
67.4%
and
67.4%
warmth
66.7%
would
66.7%
time
65.9%
time
65.9%
never
65.9%
These
65.2%
These
65.2%
see
62.9%
thought
62.1%
eyes
60.6%
they
60.6%
with
59.8%
coldness
59.8%
before
58.3%
hard
58.3%
only
58.3%
hard
58.3%
glowing
56.8%
Gloom
56.8%
gloom
56.8%
sunlight
56.1%
isn't
55.3%
devotion
54.5%
growing
53%
Keepers
52.3%
seasons
52.3%
like
52.3%
grew
51.5%
low
50.8%
mystery
50.8%
tune
50%
quotient,
50%
quotient
50%
fire
49.2%
things
48.5%
emotion
48.5%
recognise
47%
set
46.2%
winds
46.2%
Speak
45.5%
clear
45.5%
cursed
45.5%
rise
45.5%
wonder
43.9%
hold
43.2%
Ain't
39.4%
watched
38.6%
flee
37.1%
torch
36.4%
Talk
35.6%
Talk
35.6%
smiles
31.8%

You're not logged in!

Compare scores with friends on all Sporcle quizzes.
Join for Free
OR
Log In

You Might Also Like...

Show Comments

Extras

Top Quizzes Today


Score Distribution

Your Account Isn't Verified!

In order to create a playlist on Sporcle, you need to verify the email address you used during registration. Go to your Sporcle Settings to finish the process.

Report this User

Report this user for behavior that violates our Community Guidelines.

Details: